[Event "22nd ch-EUR Indiv 2022"]
[Site "Terme Catez SLO"]
[Date "2022.04.01"]
[Round "6.7"]
[White "Michalik, Peter"]
[Black "Sargsyan, Shant"]
[Result "1/2-1/2"]
[WhiteTitle "GM"]
[BlackTitle "GM"]
[WhiteElo "2585"]
[BlackElo "2639"]
[WhiteFideId "14907526"]
[BlackFideId "13306766"]
[EventDate "2022.03.27"]

1. e4 e5 2. Nf3 Nc6 3. Bb5 a6 4. Ba4 Nf6 5. O-O Be7 6. d3 b5 7. Bb3 d6 8. a3 Na5
9. Ba2 c5 10. Nc3 Be6 11. Bg5 Nc6 12. Bxf6 Bxf6 13. Nd5 O-O 14. Qd2 g6 15. c3
Rc8 16. a4 Kg7 17. h3 h6 18. Rfd1 Bg5 19. Qe2 Rb8 20. axb5 axb5 1/2-1/2

[Event "22nd ch-EUR Indiv 2022"]
[Site "Terme Catez SLO"]
[Date "2022.04.01"]
[Round "6.8"]
[White "Safarli, Eltaj"]
[Black "Svane, Rasmus"]
[Result "1/2-1/2"]
[WhiteTitle "GM"]
[BlackTitle "GM"]
[WhiteElo "2589"]
[BlackElo "2637"]
[WhiteFideId "13402129"]
[BlackFideId "4657101"]
[EventDate "2022.03.27"]

1. e4 e5 2. Bc4 Nf6 3. d3 c6 4. Nf3 d5 5. Bb3 a5 6. a4 Bb4+ 7. c3 Bd6 8. exd5
cxd5 9. O-O Be6 10. Bg5 O-O 11. Na3 1/2-1/2

[Event "22nd ch-EUR Indiv 2022"]
[Site "Terme Catez SLO"]
[Date "2022.04.01"]
[Round "6.9"]
[White "Kjartansson, Gudmundur"]
[Black "Martirosyan, Haik M."]
[Result "1/2-1/2"]
[WhiteTitle "GM"]
[BlackTitle "GM"]
[WhiteElo "2450"]
[BlackElo "2633"]
[WhiteFideId "2301318"]
[BlackFideId "13306553"]
[EventDate "2022.03.27"]

1. d4 Nf6 2. c4 e6 3. Nf3 d5 4. Nc3 Nbd7 5. Bf4 dxc4 6. e3 Bd6 7. Bxd6 cxd6 8.
Bxc4 Nb6 9. Bd3 Nbd5 10. O-O Nxc3 11. bxc3 Qc7 12. Qb3 O-O 13. a4 Bd7 14. c4 e5
15. Nd2 exd4 16. exd4 Rfe8 17. a5 Re7 18. Rfb1 Rae8 19. Nf1 Be6 20. Ne3 Ng4 21.
Nxg4 Bxg4 22. h3 Bh5 23. Qb5 Bg6 24. Bxg6 hxg6 25. Qd5 Rc8 26. Rb4 Qc6 27. Qxc6
Rxc6 28. Rab1 Rcc7 29. Kf1 Kf8 30. R1b3 Ke8 31. Re3 Kd7 32. Ke2 Kc6 33. Rb5 b6
34. a6 Kd7 35. Kd3 Re8 36. Rxe8 Kxe8 37. Rd5 Kd7 38. h4 Rc8 39. h5 gxh5 40. Rxh5
Kc6 41. f4 g6 42. Rg5 Rh8 43. g4 Rh3+ 44. Ke4 Rc3 45. f5 Rxc4 46. fxg6 fxg6 47.
Rxg6 Ra4 48. Rg7 Rxa6 49. d5+ Kb5 50. Kf5 Ra1 51. Ke6 a5 52. Kxd6 a4 53. g5 Rg1
54. Rg8 a3 55. Ra8 Kb4 56. Kc6 Rxg5 57. d6 b5 58. d7 Rc5+ 59. Kb6 Rd5 60. d8=Q
Rxd8 1/2-1/2

[Event "22nd ch-EUR Indiv 2022"]
[Site "Terme Catez SLO"]
[Date "2022.04.01"]
[Round "6.10"]
[White "Ter-Sahakyan, Samvel"]
[Black "Yuffa, Daniil"]
[Result "1-0"]
[WhiteTitle "GM"]
[BlackTitle "GM"]
[WhiteElo "2632"]
[BlackElo "2576"]
[WhiteFideId "13302531"]
[BlackFideId "24131423"]
[EventDate "2022.03.27"]

1. e4 c5 2. Nf3 Nc6 3. Bb5 d6 4. O-O Bd7 5. Re1 Nf6 6. c3 a6 7. Bf1 Bg4 8. h3
Bxf3 9. Qxf3 e6 10. d3 Be7 11. Bf4 Rg8 12. Qe3 d5 13. Na3 d4 14. cxd4 cxd4 15.
Qe2 e5 16. Bg3 Nd7 17. Nc4 b5 18. Nd2 Bg5 19. a4 b4 20. Nc4 Qf6 21. Qc2 h5 22.
a5 Rb8 23. Be2 b3 24. Qd1 g6 25. Ra3 Kf8 26. Rxb3 Kg7 27. Nb6 Nxb6 28. axb6 Qe6
29. Qc2 Be7 30. Qc4 Qxc4 31. dxc4 h4 32. Bh2 Bc5 33. Ra1 a5 34. b7 f6 35. Rb5
Ba7 36. Bg4 d3 37. Be6 Nd4 38. Rbxa5 Nxe6 39. Rxa7 Nc5 40. f4 Rge8 41. fxe5 fxe5
42. b4 Nxe4 43. c5 d2 44. Rd1 Kf6 45. c6 Re7 46. Ra8 Rbxb7 47. cxb7 Rxb7 48. Re8
Rxb4 49. Rf1+ Kg5 50. Bxe5 1-0

[Event "22nd ch-EUR Indiv 2022"]
[Site "Terme Catez SLO"]
[Date "2022.04.01"]
[Round "6.11"]
[White "Yilmaz, Mustafa"]
[Black "Stefansson, Hannes"]
[Result "1/2-1/2"]
[WhiteTitle "GM"]
[BlackTitle "GM"]
[WhiteElo "2624"]
[BlackElo "2520"]
[WhiteFideId "6302718"]
[BlackFideId "2300087"]
[EventDate "2022.03.27"]

1. d4 Nf6 2. c4 e6 3. Nf3 d5 4. Nc3 Nbd7 5. cxd5 exd5 6. Bg5 c6 7. Qc2 h6 8. Bh4
Be7 9. e3 O-O 10. Bd3 Re8 11. O-O Ne4 12. Bxe4 Bxh4 13. Bh7+ Kh8 14. Nxh4 Qxh4
15. Bd3 Qe7 16. Rab1 Nb6 17. Ne2 Be6 18. Nf4 Nc8 19. Rbe1 Nb6 20. f3 Rad8 21.
Qf2 c5 22. e4 cxd4 23. exd5 Qd6 24. dxe6 Qxf4 25. e7 Rd5 26. Re4 Qf6 27. Rfe1
Rd6 28. Qc2 a6 29. Qc7 g5 30. Qxb7 Rd7 31. Qxa6 Rexe7 32. Qa3 Nd5 33. Rxe7 Nxe7
34. Qc5 Kg7 35. Qe5 Qxe5 36. Rxe5 Nd5 37. Bb5 Rd6 38. Bc4 Ne3 39. Bd3 Rc6 40.
Rb5 Rc1+ 41. Kf2 Rd1 42. Ke2 Rh1 43. Be4 Nxg2 44. Kd3 Rd1+ 45. Kc4 Ne3+ 46. Kb3
d3 47. Kc3 d2 48. Bc2 Nxc2 49. Kxc2 Ra1 50. Rd5 Rxa2 51. Rxd2 Ra4 52. Kc3 Rf4
53. Rd3 Rh4 54. Rd2 Rf4 55. Rd3 Rh4 56. Rd2 1/2-1/2

[Event "22nd ch-EUR Indiv 2022"]
[Site "Terme Catez SLO"]
[Date "2022.04.01"]
[Round "6.12"]
[White "Korobov, Anton"]
[Black "Gadimbayli, Abdulla"]
[Result "0-1"]
[WhiteTitle "GM"]
[BlackTitle "IM"]
[WhiteElo "2695"]
[BlackElo "2451"]
[WhiteFideId "14105730"]
[BlackFideId "13404938"]
[EventDate "2022.03.27"]

1. d4 e6 2. e4 d5 3. Nd2 c5 4. exd5 Qxd5 5. Ngf3 cxd4 6. Bc4 Qd7 7. O-O Nc6 8.
Nb3 a6 9. Nfxd4 Nxd4 10. Nxd4 Qc7 11. Bd3 Bd6 12. h3 Nf6 13. Re1 O-O 14. Bg5
Bh2+ 15. Kh1 Be5 16. c3 h6 17. Nf3 Bxc3 18. Rc1 hxg5 19. Rxc3 Qb6 20. Nxg5 Qxf2
21. Rf1 Qh4 22. Nf3 Qg3 23. Qe2 Nd5 24. Ne5 Nxc3 25. Bh7+ Kxh7 26. Qh5+ Kg8 27.
Nxf7 Rxf7 28. Qxf7+ Kh7 29. Qh5+ Kg8 30. bxc3 g6 31. Qd1 Qc7 32. Qf3 Qe7 33. Qe4
Kh7 34. Qe5 Bd7 35. Qc7 Re8 36. Qxb7 e5 37. Qxa6 e4 38. Qc4 Qe6 39. Qd4 Qe7 40.
Rf4 Bc8 41. Qc4 Bf5 42. g4 Be6 43. Qxe4 Bd5 44. Qxd5 Qe1+ 45. Kh2 Re2+ 46. Qg2
Rxg2+ 47. Kxg2 Kh6 48. Rf3 Kg5 49. a4 Kh4 50. a5 Qd2+ 51. Rf2 Qxc3 52. Rf3 Qc2+
53. Rf2 Qc3 54. Rf3 Qxa5 55. Rf2 Qc3 56. Rf3 Qe5 57. Kf1 Qb2 0-1

[Event "22nd ch-EUR Indiv 2022"]
[Site "Terme Catez SLO"]
[Date "2022.04.01"]
[Round "6.13"]
[White "Navara, David"]
[Black "Kantor, Gergely"]
[Result "1/2-1/2"]
[WhiteTitle "GM"]
[BlackTitle "GM"]
[WhiteElo "2700"]
[BlackElo "2587"]
[WhiteFideId "309095"]
[BlackFideId "751499"]
[EventDate "2022.03.27"]

1. d4 Nf6 2. c4 e6 3. Nf3 d5 4. Nc3 c6 5. e3 Nbd7 6. Qc2 Bd6 7. Bd3 O-O 8. O-O
dxc4 9. Bxc4 b5 10. Bd3 Bb7 11. e4 e5 12. Bg5 h6 13. Bh4 Qb8 14. Kh1 Nh5 15.
Rad1 Re8 16. Be2 Nf4 17. Bg3 Nxe2 18. Nxe2 c5 19. dxe5 Nxe5 20. Nxe5 Bxe5 21. f4
Bc7 22. e5 Bc6 23. Qxc5 Qb7 24. Qg1 f6 25. Nd4 fxe5 26. Nxc6 Qxc6 27. Rc1 Qd7
28. fxe5 Bxe5 29. Qe3 Bxg3 30. Qxg3 Rac8 31. h3 Qe6 32. b3 a6 33. Kh2 Kh7 34.
Rfe1 Rxc1 35. Rxc1 Rc8 36. Rxc8 Qxc8 37. Qd6 Qb7 38. b4 Qe4 39. a3 Qe3 40. Qxa6
Qe5+ 41. Kh1 1/2-1/2

[Event "22nd ch-EUR Indiv 2022"]
[Site "Terme Catez SLO"]
[Date "2022.04.01"]
[Round "6.14"]
[White "Moroni, Luca Jr"]
[Black "Anton Guijarro, David"]
[Result "1/2-1/2"]
[WhiteTitle "GM"]
[BlackTitle "GM"]
[WhiteElo "2588"]
[BlackElo "2694"]
[WhiteFideId "865834"]
[BlackFideId "2285525"]
[EventDate "2022.03.27"]

1. c4 e6 2. Nc3 d5 3. d4 c6 4. Nf3 dxc4 5. a4 Bb4 6. Bg5 Nf6 7. e4 Bxc3+ 8. bxc3
Qa5 9. e5 Ne4 10. Bd2 c5 11. Bxc4 Nxd2 12. Qxd2 cxd4 13. Bb5+ Bd7 14. cxd4 Nc6
15. Qxa5 Nxa5 16. Rc1 Nc6 17. Ke2 Ke7 18. Rc5 Rhc8 19. Rhc1 h6 20. g3 a6 21.
Bxc6 Rxc6 22. a5 Rac8 23. Ke3 Rxc5 24. Rxc5 Rxc5 25. dxc5 f6 26. h4 Kf7 27. g4
Ba4 28. g5 fxg5 29. hxg5 h5 30. Kf4 Bc6 31. Nd4 g6 32. Kg3 Ke7 33. Nxc6+ bxc6 1/2-1/2

[Event "22nd ch-EUR Indiv 2022"]
[Site "Terme Catez SLO"]
[Date "2022.04.01"]
[Round "6.15"]
[White "Volokitin, Andrei"]
[Black "Mchedlishvili, Mikheil"]
[Result "1/2-1/2"]
[WhiteTitle "GM"]
[BlackTitle "GM"]
[WhiteElo "2687"]
[BlackElo "2584"]
[WhiteFideId "14107090"]
[BlackFideId "13600966"]
[EventDate "2022.03.27"]

1. e4 e5 2. Nf3 Nf6 3. Nxe5 d6 4. Nf3 Nxe4 5. Nc3 Nxc3 6. dxc3 Be7 7. Be3 O-O 8.
Qd2 Nd7 9. O-O-O Nf6 10. h4 c5 11. Ng5 d5 12. f3 b5 13. Bxb5 Qa5 14. a4 Rb8 15.
c4 Rxb5 16. cxb5 Qxa4 17. Kb1 h6 18. Rde1 Qxb5 19. Bf4 Qb7 20. Be5 Rd8 21. g4 d4
22. Bxf6 Bxf6 23. Qd3 g6 24. Ne4 Be7 25. h5 g5 26. f4 Be6 27. Nd2 1/2-1/2

[Event "22nd ch-EUR Indiv 2022"]
[Site "Terme Catez SLO"]
[Date "2022.04.01"]
[Round "6.16"]
[White "Asadli, Vugar"]
[Black "Kryvoruchko, Yuriy"]
[Result "1/2-1/2"]
[WhiteTitle "GM"]
[BlackTitle "GM"]
[WhiteElo "2579"]
[BlackElo "2683"]
[WhiteFideId "13405764"]
[BlackFideId "14109182"]
[EventDate "2022.03.27"]

1. e4 e5 2. Nf3 Nc6 3. Nc3 Nf6 4. a3 d5 5. Bb5 Nxe4 6. Qe2 Nxc3 7. Qxe5+ Be7 8.
dxc3 O-O 9. Qh5 g6 10. Qh6 Re8 11. O-O 1/2-1/2

[Event "22nd ch-EUR Indiv 2022"]
[Site "Terme Catez SLO"]
[Date "2022.04.01"]
[Round "6.17"]
[White "Deac, Bogdan-Daniel"]
[Black "Iskandarov, Misratdin"]
[Result "0-1"]
[WhiteTitle "GM"]
[BlackTitle "GM"]
[WhiteElo "2679"]
[BlackElo "2577"]
[WhiteFideId "1226380"]
[BlackFideId "13400312"]
[EventDate "2022.03.27"]

1. d4 Nf6 2. c4 g6 3. Nc3 d5 4. cxd5 Nxd5 5. e4 Nxc3 6. bxc3 Bg7 7. Nf3 c5 8.
Be3 O-O 9. Rc1 cxd4 10. cxd4 Qa5+ 11. Qd2 Qxd2+ 12. Kxd2 Rd8 13. Bb5 Nc6 14.
Bxc6 bxc6 15. Rc5 f5 16. Rhc1 Be6 17. Ne5 fxe4 18. Nxc6 Rd7 19. Ra5 Bf6 20. Rcc5
Bf7 21. g4 Rb7 22. a3 Rb2+ 23. Kc3 Rb7 24. Kc2 Be8 25. g5 Bg7 26. d5 a6 27. Rc4
Bf8 28. Rxe4 Bd7 29. Rb4 Rc7 30. Rc5 Bf5+ 31. Kb3 e6 32. Kc4 exd5+ 33. Kxd5 Rd7+
34. Kc4 Be6+ 35. Kc3 Bxc5 36. Bxc5 Rc8 37. Rb8 Rc7 38. Ne7+ Kf7 39. Nxc8 Rxc5+
40. Kd4 Rxc8 41. Rb7+ Kg8 42. Ra7 Rc6 43. Ke5 Bf7 0-1

[Event "22nd ch-EUR Indiv 2022"]
[Site "Terme Catez SLO"]
[Date "2022.04.01"]
[Round "6.18"]
[White "Cheparinov, Ivan"]
[Black "Papp, Gabor1"]
[Result "1-0"]
[WhiteTitle "GM"]
[BlackTitle "GM"]
[WhiteElo "2672"]
[BlackElo "2574"]
[WhiteFideId "2905540"]
[BlackFideId "718602"]
[EventDate "2022.03.27"]

1. e4 e5 2. Nf3 Nf6 3. d4 Nxe4 4. dxe5 d5 5. Nbd2 Be7 6. Nxe4 dxe4 7. Qxd8+ Bxd8
8. Nd4 c6 9. Bc4 b5 10. Nxb5 cxb5 11. Bd5 Nd7 12. Bxa8 Nxe5 13. Bxe4 f5 14. Bd5
Bf6 15. O-O Nc4 16. a4 1-0

[Event "22nd ch-EUR Indiv 2022"]
[Site "Terme Catez SLO"]
[Date "2022.04.01"]
[Round "6.20"]
[White "Gagunashvili, Merab"]
[Black "Tari, Aryan"]
[Result "1/2-1/2"]
[WhiteTitle "GM"]
[BlackTitle "GM"]
[WhiteElo "2575"]
[BlackElo "2653"]
[WhiteFideId "13601652"]
[BlackFideId "1510045"]
[EventDate "2022.03.27"]

1. d4 Nf6 2. c4 g6 3. Nf3 Bg7 4. g3 d5 5. cxd5 Nxd5 6. Bg2 Nb6 7. Nc3 Nc6 8. e3
O-O 9. O-O Re8 10. Re1 a5 11. Qe2 e5 12. Nxe5 Nxe5 13. dxe5 Bxe5 14. Bd2 a4 15.
f4 Bg7 16. Rad1 h5 17. h3 Be6 18. e4 Bd4+ 19. Be3 Bxe3+ 20. Qxe3 Qe7 21. f5 Bxf5
22. Qh6 Bd7 23. e5 Ra5 24. Bd5 Nxd5 25. Nxd5 Rxd5 26. Rxd5 Bxh3 27. a3 Qe6 28.
Rd2 Bf5 29. Kh2 b5 30. Re3 Qe7 31. Re1 Qe6 32. Re3 Qe7 33. Re1 b4 34. axb4 Rb8
35. Rd4 c5 36. bxc5 Rxb2+ 37. Rd2 a3 38. c6 Qb4 39. Ree2 Qb6 40. Qg5 Rxd2 41.
Rxd2 Qxc6 42. Qe7 Qe6 43. Qxa3 Qxe5 44. Qb2 Qe7 45. Qd4 Kh7 46. Rb2 Qe8 47. Qf6
Qe6 48. Qxe6 Bxe6 49. Rb5 Kh6 50. Ra5 Bf5 51. Kg2 1/2-1/2

[Event "22nd ch-EUR Indiv 2022"]
[Site "Terme Catez SLO"]
[Date "2022.04.01"]
[Round "6.21"]
[White "Nisipeanu, Liviu-Dieter"]
[Black "Van Foreest, Lucas"]
[Result "1-0"]
[WhiteTitle "GM"]
[BlackTitle "GM"]
[WhiteElo "2652"]
[BlackElo "2572"]
[WhiteFideId "1202758"]
[BlackFideId "1039792"]
[EventDate "2022.03.27"]

1. d4 Nf6 2. c4 e6 3. Nc3 Bb4 4. f3 c5 5. a3 Bxc3+ 6. bxc3 Nc6 7. e4 b6 8. d5
Na5 9. e5 Ng8 10. f4 Ba6 11. Nf3 Ne7 12. d6 Nf5 13. Bd3 Bxc4 14. Bxc4 Nxc4 15.
Qd3 Na5 16. c4 Qc8 17. Bd2 Qa6 18. Rc1 Nc6 19. O-O Qa4 20. Ng5 Ncd4 21. g4 Nh6
22. Be3 Qb3 23. Qe4 Rc8 24. f5 exf5 25. gxf5 Ne2+ 26. Kh1 Nxc1 27. Bxc1 Qa4 28.
Kg1 Qc6 29. Qh4 Rg8 30. Nxf7 Kxf7 31. Qe7# 1-0

[Event "22nd ch-EUR Indiv 2022"]
[Site "Terme Catez SLO"]
[Date "2022.04.01"]
[Round "6.22"]
[White "Petrosyan, Manuel"]
[Black "Prohaszka, Peter2"]
[Result "1/2-1/2"]
[WhiteTitle "GM"]
[BlackTitle "GM"]
[WhiteElo "2637"]
[BlackElo "2573"]
[WhiteFideId "13300857"]
[BlackFideId "726265"]
[EventDate "2022.03.27"]

1. c4 e6 2. Nc3 d5 3. d4 Nf6 4. cxd5 exd5 5. Bg5 c6 6. e3 Be7 7. Bd3 Nbd7 8. h3
Nb6 9. Nf3 Nh5 10. Bxe7 Qxe7 11. O-O O-O 12. Re1 Be6 13. Na4 Nxa4 14. Qxa4 Nf6
15. Qc2 Rad8 16. Qc5 Rfe8 17. Qxe7 Rxe7 18. b4 a6 19. a4 Ne4 20. Rec1 Nd6 21.
Nd2 Bd7 22. Nb1 f5 23. Nc3 Rf8 24. b5 axb5 25. axb5 f4 26. bxc6 bxc6 27. exf4
Rxf4 28. Ra8+ Kf7 29. Ne2 Rf6 30. Nc3 Rf4 31. Ne2 Rf6 32. Nc3 1/2-1/2

[Event "22nd ch-EUR Indiv 2022"]
[Site "Terme Catez SLO"]
[Date "2022.04.01"]
[Round "6.23"]
[White "Donchenko, Alexander"]
[Black "Dragnev, Valentin"]
[Result "1/2-1/2"]
[WhiteTitle "GM"]
[BlackTitle "GM"]
[WhiteElo "2636"]
[BlackElo "2546"]
[WhiteFideId "24603295"]
[BlackFideId "1634852"]
[EventDate "2022.03.27"]

1. c4 Nf6 2. Nc3 c5 3. g3 e6 4. Nf3 d5 5. cxd5 exd5 6. d4 Nc6 7. Bg2 cxd4 8.
Nxd4 Bc5 9. Nb3 Bb6 10. Na4 O-O 11. Nxb6 axb6 12. Be3 h5 13. Bg5 Qe7 14. Qd2 Re8
15. O-O Ne4 16. Bxe7 Nxd2 17. Nxd2 Rxe7 18. e3 d4 19. Nc4 Be6 20. Nxb6 Rxa2 21.
Rxa2 Bxa2 22. Bxc6 bxc6 23. exd4 Re2 24. Rc1 Rd2 25. Rxc6 Rxd4 26. Rc8+ Kh7 27.
Rc5 g6 28. h4 Rb4 29. Nd5 Bxd5 30. Rxd5 Rxb2 31. Kg2 1/2-1/2

[Event "22nd ch-EUR Indiv 2022"]
[Site "Terme Catez SLO"]
[Date "2022.04.01"]
[Round "6.24"]
[White "Teclaf, Pawel"]
[Black "Ponomariov, Ruslan"]
[Result "1/2-1/2"]
[WhiteTitle "IM"]
[BlackTitle "GM"]
[WhiteElo "2542"]
[BlackElo "2636"]
[WhiteFideId "1185934"]
[BlackFideId "14103320"]
[EventDate "2022.03.27"]

1. e4 c6 2. Nf3 d5 3. Nc3 Bg4 4. h3 Bxf3 5. Qxf3 e6 6. Be2 Nf6 7. O-O d4 8. Nb1
Nbd7 9. d3 Bd6 10. c3 dxc3 11. bxc3 O-O 12. Nd2 b5 13. a4 a6 14. d4 e5 15. axb5
axb5 16. Bb2 Re8 17. Rxa8 Qxa8 18. Ra1 Qb8 19. Qd3 Nb6 20. Bd1 Nc4 21. Nxc4 bxc4
22. Qc2 exd4 23. cxd4 Nxe4 24. Bf3 1/2-1/2

[Event "22nd ch-EUR Indiv 2022"]
[Site "Terme Catez SLO"]
[Date "2022.04.01"]
[Round "6.25"]
[White "Kollars, Dmitrij"]
[Black "Muradli, Mahammad"]
[Result "1-0"]
[WhiteTitle "GM"]
[BlackTitle "IM"]
[WhiteElo "2635"]
[BlackElo "2537"]
[WhiteFideId "12909572"]
[BlackFideId "13409301"]
[EventDate "2022.03.27"]

1. e4 c5 2. Nf3 d6 3. d4 cxd4 4. Nxd4 Nf6 5. Nc3 Nc6 6. Bg5 e6 7. Qd2 a6 8.
O-O-O Bd7 9. Kb1 Nxd4 10. Qxd4 Be7 11. f3 Qc7 12. Qd2 b5 13. g4 h5 14. gxh5 Nxh5
15. h4 Rc8 16. Bd3 b4 17. Ne2 a5 18. Rhg1 e5 19. Ba6 Rb8 20. Qd3 Be6 21. Bb5+
Kf8 22. c4 bxc3 23. Nxc3 Bxg5 24. hxg5 Ke7 25. Ne2 Qb6 26. a4 Rhc8 27. Rc1 g6
28. Rgd1 Rxc1+ 29. Rxc1 Rc8 30. Rxc8 Bxc8 31. Kc2 Kf8 32. Kd2 Be6 33. Qe3 Qc7
34. Ke1 Kg8 35. Kf2 d5 36. exd5 Bxd5 37. Qc3 Qe7 38. Qd2 Qc5+ 39. Qe3 Qc7 40.
Qc3 Qb6+ 41. Qe3 Qe6 42. Qd2 Kg7 43. Qe3 Kh7 44. Qd2 Qb6+ 45. Qe3 Qd6 46. Bd3
Be6 47. Bb5 Nf4 48. Nxf4 exf4 49. Qc3 Qd5 50. b4 axb4 51. Qxb4 Qxg5 52. Bc6 Qg3+
53. Ke2 Bf5 54. Qd4 Qg2+ 55. Ke1 Qh1+ 56. Kd2 Qg2+ 57. Ke1 Qa2 58. Bb5 Qb1+ 59.
Kf2 g5 60. Qd5 Qb2+ 61. Be2 Qb6+ 62. Kg2 Kg6 63. Qd2 Kh5 64. Bc4 Bg6 65. a5 Qc6
66. Qa2 g4 67. Bd5 Qc3 68. fxg4+ Kxg4 69. Qe2+ Kg5 70. a6 Bd3 71. Qf3 Qb2+ 72.
Qf2 Qa1 73. a7 Bf1+ 74. Kh2 Qh8+ 75. Kg1 1-0

[Event "22nd ch-EUR Indiv 2022"]
[Site "Terme Catez SLO"]
[Date "2022.04.01"]
[Round "6.26"]
[White "Lodici, Lorenzo"]
[Black "Abasov, Nijat"]
[Result "1/2-1/2"]
[WhiteTitle "GM"]
[BlackTitle "GM"]
[WhiteElo "2537"]
[BlackElo "2630"]
[WhiteFideId "884189"]
[BlackFideId "13402960"]
[EventDate "2022.03.27"]

1. d4 d5 2. c4 dxc4 3. Nf3 Nf6 4. e3 e6 5. Bxc4 a6 6. O-O c5 7. Re1 Nc6 8. Nc3
b5 9. Bd3 Bb7 10. a4 b4 11. Ne4 Na5 12. Nxc5 Bxc5 13. dxc5 O-O 14. Nd4 Qd5 15.
c6 Nxc6 16. Nxc6 Qxc6 17. f3 Rfd8 18. Qe2 Nd7 19. b3 Ne5 20. Be4 Qd7 21. Bxb7
Qxb7 22. Rd1 Rxd1+ 23. Qxd1 Qc7 24. Bb2 Rd8 25. Qe2 h5 26. Rc1 Qd6 27. Bd4 h4
28. Qc2 h3 29. Qc7 Nd3 30. Qxd6 Rxd6 31. Rc8+ Kh7 32. gxh3 e5 33. Ba1 Nb2 34.
Bxb2 Rd1+ 35. Kg2 Rd2+ 36. Kg3 Rxb2 37. Rc6 Rxb3 38. e4 f5 39. exf5 e4 40. Rxa6
Rxf3+ 41. Kg2 Ra3 42. Kf2 Rxh3 43. Rb6 b3 44. a5 Rf3+ 45. Ke2 Rxf5 46. a6 Rh5
47. Ke3 Rxh2 48. Kxe4 Ra2 49. Rxb3 Rxa6 50. Kf4 Rf6+ 1/2-1/2

[Event "22nd ch-EUR Indiv 2022"]
[Site "Terme Catez SLO"]
[Date "2022.04.01"]
[Round "6.27"]
[White "Moussard, Jules"]
[Black "Valsecchi, Alessio"]
[Result "1-0"]
[WhiteTitle "GM"]
[BlackTitle "GM"]
[WhiteElo "2630"]
[BlackElo "2524"]
[WhiteFideId "642908"]
[BlackFideId "818860"]
[EventDate "2022.03.27"]

1. e4 c5 2. Nf3 Nc6 3. Bb5 g6 4. O-O Bg7 5. c3 Nf6 6. Re1 O-O 7. h3 e5 8. d3 d6
9. Ba4 Bd7 10. Be3 a6 11. Bc2 Rc8 12. a3 Qc7 13. Nbd2 Nd8 14. Rc1 Ne6 15. Bb3 b5
16. Ng5 Nh5 17. Nxe6 fxe6 18. c4 Nf4 19. Nf3 bxc4 20. Bxc4 Qb7 21. b4 d5 22.
exd5 exd5 23. Bxf4 dxc4 24. Bxe5 Bxe5 25. Nxe5 cxd3 26. Nxd3 Bc6 27. Nxc5 Qf7
28. Qb3 Bd5 29. Qg3 Rc6 30. Nd3 Rxc1 31. Rxc1 Ba8 32. Rc7 Qd5 33. Ne5 Qd6 34.
Nd7 1-0

[Event "22nd ch-EUR Indiv 2022"]
[Site "Terme Catez SLO"]
[Date "2022.04.01"]
[Round "6.28"]
[White "Suleymanli, Aydin"]
[Black "Durarbayli, Vasif"]
[Result "0-1"]
[WhiteTitle "GM"]
[BlackTitle "GM"]
[WhiteElo "2525"]
[BlackElo "2628"]
[WhiteFideId "13413937"]
[BlackFideId "13402935"]
[EventDate "2022.03.27"]

1. c4 e6 2. Nf3 d5 3. e3 Nf6 4. b3 c5 5. Bb2 a6 6. a3 Nc6 7. d4 cxd4 8. exd4 g6
9. c5 Bg7 10. Be2 Ne4 11. b4 b6 12. Qc2 bxc5 13. dxc5 e5 14. O-O O-O 15. Rd1 Bf5
16. Qa4 Qd7 17. Bc4 Be6 18. Qc2 Qb7 19. Bd3 Rfd8 20. Re1 f5 21. Nbd2 Nxd2 22.
Qxd2 d4 23. Ng5 Bd5 24. f3 Re8 25. Qc2 Rad8 26. Rab1 Nb8 27. Bc1 h6 28. Ne4 fxe4
29. fxe4 Be6 30. a4 Rc8 31. b5 axb5 32. axb5 Bf8 33. c6 Nxc6 34. bxc6 Qxc6 35.
Qf2 Bc4 36. Bxc4+ Qxc4 37. Qg3 Qe6 38. Rb7 Qc6 39. Qb3+ Qe6 40. Qg3 Rc3 41. Qh4
Qc6 42. Rb1 h5 43. Bd2 Rc2 44. Ba5 d3 45. Rf1 Qc5+ 46. Kh1 Qxa5 47. Qf6 Qc7 0-1

[Event "22nd ch-EUR Indiv 2022"]
[Site "Terme Catez SLO"]
[Date "2022.04.01"]
[Round "6.29"]
[White "Nasuta, Grzegorz"]
[Black "Lagarde, Maxime"]
[Result "0-1"]
[WhiteTitle "GM"]
[BlackTitle "GM"]
[WhiteElo "2518"]
[BlackElo "2626"]
[WhiteFideId "1141686"]
[BlackFideId "662399"]
[EventDate "2022.03.27"]

1. e4 e6 2. d4 d5 3. Nc3 Nf6 4. e5 Nfd7 5. f4 c5 6. Nf3 Nc6 7. Be3 a6 8. Qd2 Qb6
9. O-O-O Qc7 10. dxc5 Bxc5 11. Bxc5 Nxc5 12. Qe3 Qb6 13. Kb1 Bd7 14. Nd4 Nxd4
15. Rxd4 O-O-O 16. Be2 Kb8 17. Rhd1 Rc8 18. f5 Rc7 19. Rg4 g6 20. fxe6 fxe6 21.
Rf4 Rhc8 22. Qd4 Be8 23. h4 Rc6 24. Bd3 h6 25. Ne2 Qc7 26. Re1 g5 27. Rf6 Nd7
28. Rxh6 Nxe5 29. Nc3 Nxd3 30. cxd3 gxh4 31. Rhxe6 Rxe6 32. Rxe6 Qg3 33. Nxd5
Bb5 34. Re3 Qd6 35. Rh3 Rc5 36. Qh8+ Ka7 37. Nc3 Bxd3+ 38. Ka1 Be4 39. a3 Rxc3 0-1

[Event "22nd ch-EUR Indiv 2022"]
[Site "Terme Catez SLO"]
[Date "2022.04.01"]
[Round "6.30"]
[White "Kozul, Zdenko"]
[Black "Budisavljevic, Luka"]
[Result "1-0"]
[WhiteTitle "GM"]
[BlackTitle "GM"]
[WhiteElo "2619"]
[BlackElo "2519"]
[WhiteFideId "14502879"]
[BlackFideId "960047"]
[EventDate "2022.03.27"]

1. d4 Nf6 2. Nf3 d5 3. c4 e6 4. Nc3 c5 5. e3 a6 6. a3 dxc4 7. Bxc4 b5 8. Ba2 Bb7
9. O-O Nbd7 10. Re1 Bd6 11. e4 cxd4 12. Nxd4 Qb8 13. g3 O-O 14. Qe2 h6 15. Be3
Rd8 16. f3 Bc5 17. b4 Bb6 18. Nb3 Qa7 19. Nd1 Rac8 20. Nf2 Rc3 21. Bxb6 Qxb6 22.
Rac1 Rdc8 23. Kg2 Ne5 24. Rxc3 Rxc3 25. Qb2 Rxf3 26. Nc5 Rf5 27. Bb1 Nfg4 28.
Nxg4 Nxg4 29. Qd4 e5 30. Qd7 Qf6 31. Kg1 Rg5 32. Rf1 Qg6 33. Qd8+ Kh7 34. Nd7
Qc6 35. Nf8+ Kg8 36. Ng6+ Kh7 37. Ne7 1-0